000 00526nam a2200169 i 4500
001 133979
003 ES-MaACL
005 20230906194554.0
007 t|
008 070904s1963 sp ||||1| spa d
100 1 _aWest, Morris L.
_9116550
245 1 3 _aEl abogado del diablo /
_cMorris West ; [versión española de María Espiñeira de Monge].
260 _aBarcelona :
_bLuis de Caralt,
_c1963.
300 _a309 p. ;
_c21 cm.
700 1 _aEspiñeira de Monge, María.
_947928
852 _aES-MaACL
_jC-24895
_bR.53664
999 _c133979
_d133979